1374 1906 1861 1994 1264 1247 1633 1117 1303 1511 1586 1659 1934 1578 1731 1621 1158 1700 1187 1931 1059 1725 1925 1459 1312 1018 1962 1843 1984 1870 1817 1818 1017 1994 1211 1656 1101 1963 1222 1254 1392 1432 1950 1248 1695 1647 1610 1486 1984 1832 1404 1466 1868 1532 1851 1623 1058 1597 1330 1942 1964 1536 1053 1201 1502 1231 1521 1412 1125 1478 1730 1219 1156 1796 1661 1511 1325 1199 1070 1415 1434 1479 1344 1343 1834 1446 1922 1351 1481 1565 1883 1767 1123 1586 1366 1766 1648 1755 1134 BCNSPRNW ULIB Ver.6.0+V

เปลี่ยนเป็นภาษาไทย

Change to English
 แสดงรายละเอียดบรรณานุกรม
  กลับหน้าหลัก

Brief Record : Get Marc (ISO 2709) : E-mail record : QR code < ปิดหน้าต่าง
LEADER : 00000nam 2200000uu 4500
001    13399113636
003     ULIB
008    110627s2553||||th 000 0 tha d
020    9786169003373
090    นว.^bพ181ฆ 2553
100 0  พญาผึ้ง
245 00 ฆาตกรรมทำเพื่อเธอ/^cพญาผึ้ง
250    พิมพ์ครั้งที่ 1
260    กรุงเทพฯ :^bBlue Butterfly,^c2553
300    248 หน้า
710 1  Blue Butterfly
945    ^p192^l0^i028019
995    ทศพร
999 ^a ใช้งานได้ทุกระบบ
รายการนี้ยังไม่มีแท็ก
คุณยังไม่ได้ล็อกอิน คุณสามารถมีกิจกรรมร่วมกับเว็บไซต์ได้ แต่ต้องล็อกอินก่อน ::
  ล็อกอิน

รายการสื่อสารสนเทศ

ลำดับที่ ประเภท เลขเรียก/บาร์โค้ด สถานที่ สถานะ
1. นวนิยาย
นวนิยาย
นว. พ181ฆ 2553 ฉ.1 
  Barcode: 028019
ห้องสมุดวิทยาเขตสวรรค์ประชารักษ์
►นวนิยาย
บนชั้น
  ขอยืม

BibComment


ยังไม่เคยถูกคอมเมนท์

คอมเมนท์ทรัพยากรรายการนี้
  คอมเมนท์: ฆาตกรรมทำเพื่อเธอ..


 Copyright 2026. Bcnsprnw @Library